Australian Boomers 2012 Olympic Team - Statistics

General Stats
  • This quiz has been taken 12 times
  • The average score is 4 of 13
Answer Stats
Position Answer % Correct
Guard Patty Mills
100%
Forward Joe Ingles
86%
Center Aron Baynes
71%
Forward David Andersen
29%
Guard Matthew Dellavedova
29%
Guard Adam Gibson
14%
Center Aleks Maric
14%
Guard/Forward Brad Newley
14%
Coach Brett Brown
14%
Forward David Barlow
14%
Forward Mark Worthington
14%
Forward/Center Matthew Nielsen
14%
Guard Peter Crawford
14%
No matching quizzes found
Score Distribution
Percent of People with Each Score
Percentile by Number Answered
Your Score History
You have not taken this quiz